Statistics for Every City in Sichuan

Click here to take the quiz!

General Stats

  • This quiz has been taken 7 times
  • The average score is 14 of 18

Answer Stats

Answer% Correct
Chengdu
100%
Mianyang
100%
Dazhou
83%
Deyang
83%
Guangyuan
83%
Luzhou
83%
Meishan
83%
Nanchong
83%
Panzhihua
83%
Ya'an
83%
Zigong
83%
Ziyang
83%
Bazhong
67%
Guang'an
67%
Leshan
67%
Neijiang
67%
Suining
67%
Yibin
67%

Score Distribution

Percentile by Number Answered

Percent of People with Each Score

Your Score History

You have not taken this quiz